| 000 | 00738cam a2200193 4500 | ||
|---|---|---|---|
| 001 | WB3607-31 | ||
| 008 | 000000n2000 000 0 eng u | ||
| 035 | _a(Sirsi) u104228 | ||
| 245 | _aUS farmers desert GM crops | ||
| 260 | _c2000 | ||
| 490 |
_aGuardian _v 17 February 2000, 3(2) |
||
| 520 | _aMany farmers in the US are abandoning genetically modified crops, according to a study by the American Corn Growers Association. The move away from GM produce will be another severe blow to the food production industry, following consumer fears. | ||
| 590 | _aWB | ||
| 650 | _aGENETICALLY MODIFIED FOODS | ||
| 650 | _aGENETICALLY MODIFIED CROPS | ||
| 650 | _aUNITED STATES | ||
| 690 | _aRURAL-AGRICULTURE AND FORESTRY | ||
| 942 | _n0 | ||
| 999 |
_c62546 _d62546 |
||